| 000 | 01250nam a2200337 a 4500 | ||
|---|---|---|---|
| 001 | ebr10015827 | ||
| 003 | CaPaEBR | ||
| 006 | m u | ||
| 007 | cr cn||||||||| | ||
| 008 | 020408s2002 enka sb 000 0 eng d | ||
| 020 | _z1841500550 | ||
| 020 | _z1841508284 | ||
| 040 |
_aCaPaEBR _cCaPaEBR |
||
| 035 | _a(OCoLC)51103347 | ||
| 050 | 1 | 4 |
_aN72.S6 _bR44 2002eb |
| 245 | 0 | 0 |
_aRecoveries and reclamations _h[electronic resource] / _cedited by Judith Rugg and Daniel Hinchcliffe. |
| 260 |
_aBristol : _bIntellect, _c2002. |
||
| 300 |
_a155 p. : _bill. |
||
| 490 | 1 |
_aAdvances in art & urban futures ; _v2 |
|
| 504 | _aIncludes bibliographical references. | ||
| 533 |
_aElectronic reproduction. _bPalo Alto, Calif. : _cebrary, _d2013. _nAvailable via World Wide Web. _nAccess may be limited to ebrary affiliated libraries. |
||
| 650 | 0 | _aArt and society. | |
| 650 | 0 | _aUrban renewal. | |
| 650 | 0 | _aPublic art. | |
| 655 | 7 |
_aElectronic books. _2local |
|
| 700 | 1 | _aRugg, Judith. | |
| 700 | 1 | _aHinchcliffe, Daniel. | |
| 710 | 2 | _aebrary, Inc. | |
| 830 | 0 |
_aAdvances in art & urban futures ; _vv. 2. |
|
| 856 | 4 | 0 |
_uhttp://site.ebrary.com/lib/rucke/Doc?id=10015827 _zAn electronic book accessible through the World Wide Web; click to view |
| 999 |
_c10668 _d10668 |
||